000 00569nam a2200205Ia 4500
005 20241216011503.0
008 190429s9999||||xx |||||||||||||| ||und||
082 _a658.1553
_bP26
100 _aPARIONA ESPICHAN PABLO
245 0 _aINDEXACION DE COSTOS EN LA INDUSTRIA GRAFICA
250 _a0
260 _aCERRO DE PASCO-PERU
_bUNDAC
_c1996
300 _a167 pag.
_c30 cm.
341 _h0
490 _v0
_a0
505 _aPLANTEAMIENTO/MARCO TEORICO/RESULTADOS
541 _bPARIONA ESPICHAN PABLO
_d09-Mar-05
_oSoles
650 _aContabilidad
942 _cTESIS
999 _c43235
_d43235